000 00725nam a2200229Ii 4500
003 JO-AjNU
008 230605s9999||||xx |||||||||||||| ||und||
017 _a97/11367
020 _a977-215-241-X
040 _aJO-AjNU
_bara
_erda
_cJO-AjNU
041 _aara
050 1 4 _aBF575.M87.1997
100 3 _aعبد الله،معتز سيد,
_eauthor
_914940
245 0 0 _aالتعصب :دراسة نفسية اجتماعية
250 _aط2
264 3 1 _aالقاهرة:دار غريب للطباعة والنشر والتوزيع ،1997
300 _a512ص
336 _atext
_btxt
_2rdacontent
337 _aunmediated
_bn
_2rdamedia
338 _avolume
_bnc
_2rdacarrier
650 4 _aتعصب-سيكولوجية
_914941
999 _aA4104
_c7672
_d7672